00437nam a2200145Ia 4500008004100000041000900041082001800050100002600068245002700094260004100121300000900162650000800171999001700179952009500196230718s9999 xx 000 0 und d aEng. a346.02bROE-M aRoena, kchild Mahmood 0aManual of land Revenue aPakistanbJaw published house c1842 a1156 aLaw c26534d26534 00104070aSIRC-LbSIRC-Ld2023-07-18l0o346.02 ROE-Mp21486r2023-07-18w2023-07-18yBK